The Silmarillion: All characters starting with A - Statistics

General Stats
  • This quiz has been taken 45 times
    42 since last reset
  • The average score is 14 of 24
Answer Stats
Hint Answer % Correct
One of the twin sons of Feanor: Amrod
96%
The heir of Isildur, and was, after Gandalf's death, the leader of the Fellowship of the Ring: Aragorn
93%
A Vala, the smith and master of crafts: Aule
93%
A son of Finarfin, he loved Andreth: Aegnor
89%
One of the twin sons of Feanor: Amras
89%
Greatest of the winged dragons of Morgoth, destroyed by Earendil: Ancalagon
89%
The husband of Gilraen, and the father of Aragorn II: Arathorn II
89%
The brother of Isildur: Anarion
78%
He, with his brother Aegnor, was killed in the Dagor Bragollach: Angrod
78%
The White Lady of the Noldor, she was ensnared by Eol in Nan Elmoth and bore to him Maeglin: Aredhel
78%
The father of Elendil: Amandil
74%
A Maia, chosen by the Valar to guide the vessel of the Sun: Arien
67%
A kinswoman of Hurin, the wife of Brodda the Easterling: Aerin
48%
The father of Voronwe: Aranwe
48%
Finrod Felagund loved her, but she did not follow him into exile: Amarie
41%
The Lord of Belegost, he was killed in the Nirnaeth Arnoediad by Glaurung, he also wounded Glaurung so that he fled: Azaghal
41%
14th King of Numenor, in whose time the Numenoreans became divided into opposing parties: Ancalimon
37%
A Grey-elf of Mithrim, the foster-father of Tuor: Annael
33%
13th King of Numenor, to whom the messengers of the Valar came: Atanamir
33%
He was one of the three mariners to accompany Earendil on his voyage to Aman: Aerandir
22%
The father of Gorlim the Unhappy: Angrim
22%
Morgoth's spy posed as him at a council: Amlach
15%
One of the twelve companions of Barahir on Dorthonion: Arthad
15%
The second son of Isildur, slain on the Gladden Fields: Aratan
11%
No matching quizzes found
Score Distribution
Percent of People with Each Score
Percentile by Number Answered
Your Score History
You have not taken this quiz since the last reset